NFL Logo Quiz - Statistiken

Allgemein
  • Dieses Quiz wurde 132 mal gespielt
  • Das Durchschnittsergebnis liegt bei 9 aus 12
Antwortstatistiken
Bildquiz Antwort % Korrekt
Kansas City Chiefs
92%
Los Angeles Rams
87%
Detroit Lions
81%
Miami Dolphins
81%
Denver Broncos
80%
Seattle Seahawks
79%
Pittsburgh Steelers
77%
Arizona Cardinals
76%
New England Patriots
72%
Tampa Bay Buccaneers
72%
Houston Texans
67%
Buffalo Bills
57%
Keine übereinstimmenden Quizze gefunden
Verteilung der Resultate
Anzahl Personen mit jedem Resultat
Perzentil nach korrekt beantworteten Fragen
Ihre Resultats-Entwicklung
Sie haben dieses Quiz noch nicht gespielt